Catalogue de reproductions en couleurs de peintures = Catalogue of colour reproductions of paintings = Catalogo de reproducciones en color de pinturas.
| New Title: | Catalogue de reproductions de peintures |
|---|---|
| Format: | Serial |
| Language: | French English Spanish |
| Published: |
Paris :
Unesco,
19 -1966.
|
| Subjects: |
MARC
| Tag | First Indicator | Second Indicator | Subfields |
|---|---|---|---|
| LEADER | 00000cas a2200000 a 4500 | ||
| 001 | in00000048906 | ||
| 005 | 20151007075734.0 | ||
| 008 | 790305 fr c i0 fre d | ||
| 035 | |a (OCoLC)04712199 | ||
| 035 | |9 AAF3739AM | ||
| 040 | |a WAU |c WAU |d m.c. |d MUL |d OCL |d TXA |d UtOrBLW | ||
| 041 | 0 | |a fre |a eng |a spa | |
| 049 | |a TXAE | ||
| 090 | |a NE1860 A2 |b U52 | ||
| 245 | 0 | 0 | |a Catalogue de reproductions en couleurs de peintures = |b Catalogue of colour reproductions of paintings = Catalogo de reproducciones en color de pinturas. |
| 246 | 3 | 1 | |a Catalogue of colour reproductions of paintings |
| 246 | 3 | 1 | |a Catbalogo de reproducciones en color de pinturas |
| 246 | 3 | 1 | |a Catalogo de reproducciones en color de pinturas. |
| 264 | 1 | |a Paris : |b Unesco, |c 19 -1966. | |
| 300 | |a volumes : |b illustrations ; |c 23 cm. | ||
| 336 | |a text |b txt |2 rdacontent | ||
| 337 | |a unmediated |b n |2 rdamedia | ||
| 338 | |a volume |b nc |2 rdacarrier | ||
| 362 | 0 | |a 1860/1949-1860/1965. | |
| 650 | 0 | |a Color prints |v Catalogs. | |
| 650 | 0 | |a Painting |v Catalogs. | |
| 785 | 0 | 0 | |t Catalogue de reproductions de peintures |
| 999 | |a MARS | ||
| 999 | f | f | |s a13ac176-14ca-3532-be30-89ac8cfb2d88 |i 453b182c-8522-3146-8b02-43b474e2bbd3 |t 0 |
| 952 | f | f | |p serial |a Texas A&M University |b College Station |c Sterling C. Evans Library |d Evans: Library Stacks |t 0 |e NE1860 A2 U52 |h Library of Congress classification |i unmediated -- volume |l 1978 |m A14842352420 |
| 998 | f | f | |a NE1860 A2 U52 |s 4th-8th (1860/1957-1860/1865) |t 0 |l Evans: Library Stacks |